000 00817cab a2200205 4500
001 WB2738-16
008 090401t1991 xxu||||| |||| 00| 0 eng d
035 _a(Sirsi) u1523
041 _aeng
245 _aGetting advance payments
260 _c1991
350 _a0
490 _aCS Monthly : Rural Practice
_v(2) October 1991, 2(1)
520 _aRural practice members of the RICS Sussex branch are having difficulties getting advance payments for compensation under Land Compensation Act 1973 s52 and have asked the RICS to make representations to government or advise how the problem can be remedied.
650 _aADVANCE PAYMENTS
650 _aCOMPENSATION
690 _aENVIRONMENTAL AND LAND CONSULTANCY-PLANNING AND DEVELOPMENT-COMPULSORY PURCHASE AND COMPENSATION
942 _n0
948 _c04/03/1997
999 _c854
_d854